Подробности
| 000 -МАРКЕР |
| контрольное поле |
04889ncm0a2200493 4500 |
| 001 - ИДЕНТИФИКАТОР ЗАПИСИ |
| контрольное поле |
RU\NLR\ONIZ\224816 |
| 005 - ИДЕНТИФИКАТОР ВЕРСИИ |
| контрольное поле |
20250626151327.0 |
| 035 ## - ДРУГИЕ СИСТЕМНЫЕ НОМЕРА |
| Идентификатор записи |
RU\NLR\ONIZ\GALA\5000034042\20190115135700 |
| 035 ## - ДРУГИЕ СИСТЕМНЫЕ НОМЕРА |
| Идентификатор записи |
(NLR Aleph) 011915570 |
| 071 20 - ИЗДАТЕЛЬСКИЙ НОМЕР |
| Номер, присвоенный агентством |
с 3570 к |
| 100 ## - ДАННЫЕ ОБЩЕЙ ОБРАБОТКИ |
| Данные общей обработки |
20190115d2004 |||y0rusy50 ca |
| 101 0# - ЯЗЫК РЕСУРСА |
| Язык текста, звукозаписи и т.д. |
русский |
| 102 ## - СТРАНА ПУБЛИКАЦИИ ИЛИ ПРОИЗВОДСТВА |
| Страна публикации |
Российская Федерация |
| 125 ## - ПОЛЕ КОДИРОВАННЫХ ДАННЫХ: ЗВУКОЗАПИСИ И НОТНЫЕ ИЗДАНИЯ |
| Форма изложения нотного текста |
ax |
| 200 1# - ЗАГЛАВИЕ И СВЕДЕНИЯ ОБ ОТВЕТСТВЕННОСТИ |
| Основное заглавие |
Избранные пьесы |
| Общее обозначение материала |
Ноты |
| Сведения, относящиеся к заглавию |
для скрипки и фортепиано |
| Параллельное заглавие |
Selected pieces |
| Сведения, относящиеся к заглавию |
for violin and piano |
| Первые сведения об ответственности |
С. Рахманинов |
| Последующие сведения об ответственности |
ред.-сост. С. Гринберг |
| Язык параллельного заглавия |
английский |
| 208 ## - ОБЛАСТЬ СПЕЦИФИЧЕСКИХ СВЕДЕНИЙ: НОТНЫЕ ИЗДАНИЯ |
| Форма изложения нотного текста |
Клавир и партия |
| 210 ## - ПУБЛИКАЦИЯ, РАСПРОСТРАНЕНИЕ И ДР. |
| Место издания, распространения и т.д. |
Санкт-Петербург |
| Имя издателя, распространителя и т. д. |
Композитор - Санкт-Петербург |
| Дата издания, распространения и т.д. |
cop. 2004 |
| 215 ## - ФИЗИЧЕСКАЯ ХАРАКТЕРИСТИКА |
| Специфическое обозначение материала и объем |
59 с., парт. (20 с.) |
| Размеры |
29 см |
| 225 1# - СЕРИЯ |
| Основное заглавие серии |
Золотой репертуар скрипача |
| 225 1# - СЕРИЯ |
| Основное заглавие серии |
Транскрипции знаменитых скрипачей |
| 327 1# - ПРИМЕЧАНИЯ О СОДЕРЖАНИИ |
| Текст примечания |
1. Романс "Апрель" / транскрипция К. Мостраса ; |
| -- |
2. Вокализ : op. 34, № 14 / транскрипция М. Пресса ; |
| -- |
3. Прелюдия [D-dur] : op. 23, № 4 / транскрипция М. Эрденко ; |
| -- |
4. Маргаритки : op. 38, № 3 / транскрипция Ф. Крейслера ; |
| -- |
5. Серенада : op. 3, № 5 / транскрипция М. Пресса ; |
| -- |
6. Прелюдия [G-dur] : op. 32, № 5 / транскрипция М. Эрденко ; |
| -- |
7. Романс : op. 6, № 1 / транскрипция М. Эрденко ; |
| -- |
8. Пляска цыганок : из оперы "Алеко" / транскрипция С. Душкина |
| 464 #0 - АНАЛИТИЧЕСКИЙ УРОВЕНЬ |
| Встроенное поле |
2001#$aРоманс "Апрель"$fтранскрипция К. Мостраса |
| -- |
215##$aС.3-6 |
| -- |
702#1$9z01790$aМострас$bК. Г.$gКонстантин Георгиевич$f1886-1965$4030$7ca |
| -- |
790#1$9z01702$aMostras$bK. G.$gKonstantin Georgievič$f1886-1965$4030$7ba |
| Заглавие |
Романс "Апрель" |
| 464 #0 - АНАЛИТИЧЕСКИЙ УРОВЕНЬ |
| Встроенное поле |
2001#$aВокализ$eop. 34, № 14$fтранскрипция М. Пресса |
| -- |
215##$aС.7-10 |
| -- |
702#1$9z01790$aПресс$bМ. И.$gМихаил Исаакович$f1871-1938$4030$7ca |
| -- |
790#1$9z01702$aPress$bM. I.$gMichail Isaakovič$f1871-1938$4030$7ba |
| Заглавие |
Вокализ |
| 464 #0 - АНАЛИТИЧЕСКИЙ УРОВЕНЬ |
| Встроенное поле |
2001#$aПрелюдия [D-dur]$eop. 23, № 4$fтранскрипция М. Эрденко |
| -- |
215##$aС.11-15 |
| -- |
702#1$9z01790$aЭрденко$bМ. Г.$gМихаил Гаврилович$f1880-1940$4030$7ca |
| -- |
790#1$9z01702$aÊrdenko$bM. G.$gMichail Gavrilovič$f1885-1940$4030$7ba |
| Заглавие |
Прелюдия [D-dur] |
| 464 #0 - АНАЛИТИЧЕСКИЙ УРОВЕНЬ |
| Встроенное поле |
2001#$aМаргаритки$eop. 38, № 3$fтранскрипция Ф. Крейслера |
| -- |
215##$aС.16-21 |
| -- |
702#1$9z01790$aКрейслер$bФ.$gФриц$f1875-1962$4030$7ca |
| -- |
790#1$9z01702$aKreisler$bF.$gFritz$f1875-1962$4030$7ba |
| Заглавие |
Маргаритки |
| 464 #0 - АНАЛИТИЧЕСКИЙ УРОВЕНЬ |
| Встроенное поле |
2001#$aСеренада$eop. 3, № 5$fтранскрипция М. Пресса |
| -- |
215##$aС.22-30 |
| -- |
702#1$9z01790$aПресс$bМ. И.$gМихаил Исаакович$f1871-1938$4030$7ca |
| -- |
790#1$9z01702$aPress$bM. I.$gMichail Isaakovič$f1871-1938$4030$7ba |
| Заглавие |
Серенада |
| 464 #0 - АНАЛИТИЧЕСКИЙ УРОВЕНЬ |
| Встроенное поле |
2001#$aПрелюдия [G-dur]$eop. 32, № 5$fтранскрипция М. Эрденко |
| -- |
215##$aС.31-36 |
| -- |
702#1$9z01790$aЭрденко$bМ. Г.$gМихаил Гаврилович$f1880-1940$4030$7ca |
| -- |
790#1$9z01702$aÊrdenko$bM. G.$gMichail Gavrilovič$f1885-1940$4030$7ba |
| Заглавие |
Прелюдия [G-dur] |
| 464 #0 - АНАЛИТИЧЕСКИЙ УРОВЕНЬ |
| Встроенное поле |
2001#$aРоманс$eop. 6, № 1$fтранскрипция М. Эрденко |
| -- |
215##$aС.37-46 |
| -- |
702#1$9z01790$aЭрденко$bМ. Г.$gМихаил Гаврилович$f1880-1940$4030$7ca |
| -- |
790#1$9z01702$aÊrdenko$bM. G.$gMichail Gavrilovič$f1885-1940$4030$7ba |
| Заглавие |
Романс |
| 464 #0 - АНАЛИТИЧЕСКИЙ УРОВЕНЬ |
| Встроенное поле |
2001#$aПляска цыганок$eиз оперы "Алеко"$fтранскрипция С. Душкина |
| -- |
215##$aС.47-59 |
| -- |
50000$aАлеко$bНоты$lОпера |
| -- |
702#1$9z01790$aДушкин$bС.$gСамуэль$f1891-1976$4030$7ca |
| -- |
790#1$9z01702$aDuškin$bS.$gSamuel$f1891-1976$4030$7ba |
| Заглавие |
Пляска цыганок |
| 606 1# - НАИМЕНОВАНИЕ ТЕМЫ КАК ПРЕДМЕТ |
| Наименование темы |
Переложения для скрипки и фортепиано |
| Географический подзаголовок |
Россия |
| Хронологический подзаголовок |
19-21 век |
| Код системы |
nlr_sh |
| 686 ## - ИНДЕКСЫ ДРУГИХ КЛАССИФИКАЦИЙ |
| Индекс |
Щ955.4-42-09-058я44(28) |
| Издание |
LBC/SL |
| Код системы |
|
| 700 #1 - ИМЯ ЛИЦА - ПЕРВИЧНАЯ ОТВЕТСТВЕННОСТЬ |
| Системный номер авторитетной/нормативной записи |
z01790 |
| Начальный элемент ввода |
Рахманинов |
| Часть имени, кроме начального элемента ввода |
С. В. |
| Даты |
1873-1943 |
| Расширение инициалов личного имени |
Сергей Васильевич |
| Код отношения |
Композитор |
| Графика поля |
Кириллица |
| 702 #1 - ИМЯ ЛИЦА - ВТОРИЧНАЯ ОТВЕТСТВЕННОСТЬ |
| Системный номер авторитетной/нормативной записи |
z02790 |
| Начальный элемент ввода |
Гринберг |
| Часть имени, кроме начального элемента ввода |
С. Л. |
| Дополнения к именам, кроме дат |
ред.-сост. |
| Даты |
1947- |
| Расширение инициалов личного имени |
Сергей Львович |
| Код отношения |
Редактор |
| -- |
Составитель |
| Графика поля |
Кириллица |
| 790 #1 - ИМЯ ЛИЦА - АЛЬТЕРНАТИВНАЯ ФОРМА |
| Системный номер авторитетной/нормативной записи |
z01700 |
| Начальный элемент ввода |
Rakhmaninov |
| Часть имени, кроме начального элемента ввода |
S. V. |
| Даты |
1873 - 1943 |
| Расширение инициалов личного имени |
Sergey Vasilyevich |
| Код отношения |
Композитор |
| 790 #1 - ИМЯ ЛИЦА - АЛЬТЕРНАТИВНАЯ ФОРМА |
| Системный номер авторитетной/нормативной записи |
z02702 |
| Начальный элемент ввода |
Grinberg |
| Часть имени, кроме начального элемента ввода |
S. |
| Расширение инициалов личного имени |
Sergej |
| Код отношения |
Редактор |
| -- |
Составитель |
| Графика поля |
Латинская |
| 801 #0 - ИСТОЧНИК ЗАПИСИ |
| Страна |
Российская Федерация |
| Организация |
NLR |
| Дата составления |
20190115 |
| Правила каталогизации |
PSBO |
| 801 #1 - ИСТОЧНИК ЗАПИСИ |
| Страна |
Российская Федерация |
| Организация |
NLR |
| Дата составления |
20190115 |
| Источник данных |
rusmarc |
| 801 #2 - ИСТОЧНИК ЗАПИСИ |
| Страна |
Российская Федерация |
| Организация |
NLR |
| Дата составления |
20200113 |
| 852 ## - МЕСТОНАХОЖДЕНИЕ И ШИФР ХРАНЕНИЯ |
| Идентификатор организации |
NLR |
| Наименование фонда или коллекции (Sub-Location Identifier) |
М |
| Шифр хранения (Call Number) |
К-3/29731 |
| Страна |
|
| Номер экземпляра |
1 |
| 942 ## - ДОПОЛНИТЕЛЬНЫЕ ЭЛЕМЕНТЫ ЗАПИСИ (АБИС) |
| Тип экземпляра АБИС |
Ноты |
| 980 ## - КОЛЛЕКЦИЯ |
| Название коллекции |
Национальная библиография |
| 980 ## - КОЛЛЕКЦИЯ |
| Название коллекции |
Отдел нот и звукозаписей |